[Event "Vienna Chess Open 2015 Group A"]
[Site "Grosser Festsaal im Wiener Rathaus, 1010 Wien"]
[Date "2015.08.20"]
[Round "6"]
[Board "23"]
[White "Dimitrova, Alexandra"]
[Black "Kuzmicz, Krystian"]
[Result "0-1"]
[WhiteElo "2134"]
[BlackElo "2486"]
[PlyCount "116"]
[EventDate "2015.08.15"]
[EventRounds "9"]
[EventCountry "AUT"]

1.e4 e6 2.d4 d5 3.Nd2 Nc6 4.Ngf3 Nf6 5.e5 Nd7 6.c3 b6 7.Bd3 Bb7 8.O-O g5 9.Ne1 Qe7
10.f4 gxf4 11.Rxf4 O-O-O 12.Qf3 f6 13.exf6 Qf7 14.Nf1 Bd6 15.Rh4 Rdg8 16.Qh3 h5 17.Nf3
Qxf6 18.Rxh5 Rxh5 19.Qxh5 e5 20.Bf5 e4 21.Nh4 Ne7 22.Bh3 Bc6 23.Qh6 Ng6 24.Nf5 Bf8
25.Qg5 Qh8 26.N1g3 Kb7 27.Nh6 Be7 28.Qe3 Rf8 29.Nhf5 Bf6 30.b3 Bb5 31.Ba3 Re8 32.Rc1
Qg8 33.Nh5 Bh8 34.Nh6 Qh7 35.Ng3 Nf6 36.c4 Ba6 37.Nhf5 Qf7 38.c5 Bd3 39.Qd2 Ng8 40.Qc3
Kb8 41.cxb6 axb6 42.Bd6 cxd6 43.Nxd6 Qg7 44.Ngf5 Nf4 45.Nxg7 Ne2+ 46.Kh1 Nxc3 47.Ndxe8
Nb5 48.Be6 Ne7 49.Nf5 Nxf5 50.Bxf5 Nxd4 51.g4 Be5 52.h4 Nxf5 53.gxf5 e3 54.f6 Bg6
55.Ng7 d4 56.Rf1 e2 57.Rg1 Be4+ 58.Rg2 e1=Q# 0-1

[Event "Vienna Chess Open 2015 Group A"]
[Site "Grosser Festsaal im Wiener Rathaus, 1010 Wien"]
[Date "2015.08.20"]
[Round "6"]
[Board "24"]
[White "Houska, Jiri"]
[Black "Ruck, Robert"]
[Result "0-1"]
[WhiteElo "2286"]
[BlackElo "2552"]
[PlyCount "88"]
[EventDate "2015.08.15"]
[EventRounds "9"]
[EventCountry "AUT"]

1.e4 c6 2.d4 d5 3.e5 Bf5 4.Nf3 e6 5.Be2 Nd7 6.O-O h5 7.Be3 Nh6 8.Nbd2 Be7 9.Nb3 Bg6
10.Bxh6 Rxh6 11.c3 Rh8 12.a4 Rc8 13.a5 a6 14.c4 dxc4 15.Bxc4 Bf5 16.Qe2 Kf8 17.Qe3
Qc7 18.Nc5 g6 19.b4 Kg7 20.Ng5 Nxc5 21.bxc5 Bxg5 22.Qxg5 Rcd8 23.Rfd1 Rd7 24.Qe3 Qd8
25.f4 h4 26.Be2 Rh6 27.Bf3 g5 28.fxg5 Rg6 29.Ra2 Qxg5 30.Qxg5 Rxg5 31.Kf2 Bg4 32.Ke3
Bxf3 33.gxf3 Rxe5+ 34.dxe5 Rxd1 35.Rb2 Rd5 36.f4 Rxc5 37.Rxb7 Rxa5 38.Rc7 Rc5 39.Kd4
Rc2 40.f5 exf5 41.e6 Re2 42.exf7 Re6 43.Ra7 f4 44.Rxa6 c5+ 0-1

[Event "Vienna Chess Open 2015 Group A"]
[Site "Grosser Festsaal im Wiener Rathaus, 1010 Wien"]
[Date "2015.08.20"]
[Round "6"]
[Board "25"]
[White "Diermair, Andreas"]
[Black "Groetz, Harald"]
[Result "1-0"]
[WhiteElo "2485"]
[BlackElo "2279"]
[PlyCount "77"]
[EventDate "2015.08.15"]
[EventRounds "9"]
[EventCountry "AUT"]

1.e4 c5 2.Nf3 d6 3.Bb5+ Bd7 4.Bxd7+ Qxd7 5.O-O Nc6 6.c3 Nf6 7.Re1 e6 8.d4 cxd4 9.cxd4
d5 10.e5 Ne4 11.a3 Be7 12.Nbd2 Nxd2 13.Bxd2 O-O 14.Rc1 Rfc8 15.Rc3 Nd8 16.Rd3 Qb5
17.Bc3 Rc7 18.h4 Rac8 19.Qd2 a5 20.h5 b6 21.Nh2 Qe8 22.Rg3 Kh8 23.Ng4 b5 24.Bxa5 Rc2
25.Qf4 Rxb2 26.Bb4 Nc6 27.Nf6 Qd8 28.Bxe7 Nxe7 29.h6 g6 30.Nxh7 Nf5 31.Ng5 Qe7 32.Rf3
Rc4 33.Rd1 b4 34.a4 Ra2 35.g4 Nxh6 36.Rh3 Kg7 37.Nxe6+ fxe6 38.Qxh6+ Kf7 39.Qh8 1-0

[Event "Vienna Chess Open 2015 Group A"]
[Site "Grosser Festsaal im Wiener Rathaus, 1010 Wien"]
[Date "2015.08.20"]
[Round "6"]
[Board "26"]
[White "Stanec, Nikolaus"]
[Black "Huber, Martin Christian"]
[Result "1/2-1/2"]
[WhiteElo "2474"]
[BlackElo "2276"]
[PlyCount "40"]
[EventDate "2015.08.15"]
[EventRounds "9"]
[EventCountry "AUT"]

1.c4 c6 2.b3 d5 3.Bb2 Nf6 4.g3 Bg4 5.Bg2 e6 6.Nf3 Bd6 7.O-O O-O 8.d4 a5 9.Nbd2 Nbd7
10.Re1 Bh5 11.Qc1 a4 12.c5 Bc7 13.b4 Re8 14.Ne5 Nxe5 15.dxe5 Nd7 16.Nf3 Qb8 17.Qe3
Bg6 18.Rac1 Be4 19.Qc3 Qa7 20.Qe3 Qb8 1/2-1/2

[Event "Vienna Chess Open 2015 Group A"]
[Site "Grosser Festsaal im Wiener Rathaus, 1010 Wien"]
[Date "2015.08.20"]
[Round "6"]
[Board "27"]
[White "Bonagura, Stefano"]
[Black "Hertneck, Gerald"]
[Result "1-0"]
[WhiteElo "2285"]
[BlackElo "2469"]
[PlyCount "85"]
[EventDate "2015.08.15"]
[EventRounds "9"]
[EventCountry "AUT"]

1.c4 e5 2.g3 Nf6 3.Bg2 d5 4.cxd5 Nxd5 5.Nf3 Nc6 6.O-O Nb6 7.d3 Be7 8.Nbd2 O-O 9.a3
Be6 10.b4 f6 11.Rb1 Ba2 12.Ra1 Bd5 13.Bb2 a5 14.b5 Na7 15.a4 c6 16.e4 Bf7 17.d4 cxb5
18.axb5 Nc4 19.Qc2 Nxb2 20.Qxb2 Bb4 21.dxe5 Rc8 22.Rad1 Bc3 23.Qb1 Qb6 24.exf6 gxf6
25.e5 Qxb5 26.Ne4 Qxb1 27.Nxf6+ Kh8 28.Rxb1 b5 29.Bh3 Rc7 30.Nd7 Re8 31.Ng5 Bg6 32.Rbc1
b4 33.e6 Nb5 34.f4 Nd4 35.f5 Nxf5 36.Bxf5 Bd4+ 37.Kg2 Rxc1 38.Rxc1 Bxf5 39.Nf7+ Kg7
40.Nd6 Kg6 41.Nxe8 b3 42.Nf8+ Kh6 43.Nd6 1-0

[Event "Vienna Chess Open 2015 Group A"]
[Site "Grosser Festsaal im Wiener Rathaus, 1010 Wien"]
[Date "2015.08.20"]
[Round "6"]
[Board "29"]
[White "Mons, Léon"]
[Black "Ilic, Zoran"]
[Result "1-0"]
[WhiteElo "2464"]
[BlackElo "2278"]
[PlyCount "77"]
[EventDate "2015.08.15"]
[EventRounds "9"]
[EventCountry "AUT"]

1.e4 c5 2.Nf3 e6 3.g3 Nc6 4.Bg2 Nf6 5.Qe2 e5 6.O-O Be7 7.c3 O-O 8.d3 Re8 9.Na3 h6
10.Nc2 Bf8 11.c4 d6 12.Bd2 a6 13.a4 a5 14.Bc3 Nd4 15.Nfxd4 exd4 16.Bd2 d5 17.cxd5
Nxd5 18.Na3 Nb4 19.f4 Be6 20.f5 Bb3 21.e5 Qc7 22.e6 Nd5 23.Nb5 Qd8 24.Ra3 c4 25.dxc4
Bxa3 26.Bxd5 fxe6 27.Bxe6+ Kh8 28.Nxa3 Ra6 29.Qd3 Bxa4 30.Bf4 Bd7 31.Nb5 Bxe6 32.fxe6
Raxe6 33.Nc7 Re3 34.Bxe3 Rxe3 35.Qg6 d3 36.Nd5 Re2 37.Rf7 Re1+ 38.Kf2 Re2+ 39.Kf1 1-0

[Event "Vienna Chess Open 2015 Group A"]
[Site "Grosser Festsaal im Wiener Rathaus, 1010 Wien"]
[Date "2015.08.20"]
[Round "6"]
[Board "30"]
[White "Monroy, Charles"]
[Black "Neumeier, Klaus"]
[Result "1/2-1/2"]
[WhiteElo "2436"]
[BlackElo "2260"]
[PlyCount "38"]
[EventDate "2015.08.15"]
[EventRounds "9"]
[EventCountry "AUT"]

1.Nf3 Nf6 2.g3 b6 3.Bg2 Bb7 4.O-O g6 5.d3 Bg7 6.e4 d6 7.Nh4 Nfd7 8.f4 c5 9.c3 Nc6
10.f5 O-O 11.Na3 Rc8 12.Nc2 Ba6 13.Bf4 Nce5 14.Ne1 Nf6 15.Qd2 Qc7 16.Rd1 Rfd8 17.c4
b5 18.b3 bxc4 19.bxc4 Rb8 1/2-1/2

[Event "Vienna Chess Open 2015 Group A"]
[Site "Grosser Festsaal im Wiener Rathaus, 1010 Wien"]
[Date "2015.08.20"]
[Round "6"]
[Board "31"]
[White "Haria, Ravi"]
[Black "Christiansen, Johan-Sebastian"]
[Result "1/2-1/2"]
[WhiteElo "2243"]
[BlackElo "2416"]
[PlyCount "86"]
[EventDate "2015.08.15"]
[EventRounds "9"]
[EventCountry "AUT"]

1.Nf3 d5 2.g3 Bg4 3.Bg2 Nd7 4.c4 e6 5.cxd5 exd5 6.O-O Ngf6 7.d3 Bd6 8.Nc3 c6 9.h3
Bh5 10.e4 O-O 11.Re1 Re8 12.g4 Bg6 13.g5 Nh5 14.exd5 Rxe1+ 15.Nxe1 Nf4 16.dxc6 bxc6
17.Ne4 Bc7 18.Bxf4 Bxf4 19.Qg4 Bc7 20.d4 Rb8 21.Nd3 Nf8 22.Rd1 Ne6 23.Ne5 Bxe5 24.dxe5
Qa5 25.Qg3 Rxb2 26.Qc3 Qb6 27.Rd2 Rxd2 28.Nxd2 Nxg5 29.h4 Ne6 30.Qxc6 Qb4 31.Qc8+
Nf8 32.Qd8 h6 33.Nf1 Kh7 34.Qd6 Qxd6 35.exd6 Bf5 36.Ng3 Be6 37.a3 Kg6 38.Be4+ Kf6
39.f4 g6 40.Kf2 Bd7 41.Bd5 Be6 42.Bg2 Ba2 43.Bh3 Bd5 1/2-1/2

[Event "Vienna Chess Open 2015 Group A"]
[Site "Grosser Festsaal im Wiener Rathaus, 1010 Wien"]
[Date "2015.08.20"]
[Round "6"]
[Board "32"]
[White "Hauge, Lars Oskar"]
[Black "Ganaus, Hannes"]
[Result "1-0"]
[WhiteElo "2411"]
[BlackElo "2259"]
[PlyCount "123"]
[EventDate "2015.08.15"]
[EventRounds "9"]
[EventCountry "AUT"]

1.e4 e6 2.d4 d5 3.Nd2 Nc6 4.Ngf3 Nf6 5.e5 Nd7 6.c3 f6 7.Bb5 fxe5 8.dxe5 Bc5 9.Nb3
O-O 10.Nxc5 Nxc5 11.O-O Bd7 12.Be3 Qe7 13.c4 a6 14.cxd5 axb5 15.d6 cxd6 16.exd6 Qf6
17.Bxc5 Qxb2 18.Qd2 Qxd2 19.Nxd2 Ra4 20.Nb3 Rf5 21.Be3 Rc4 22.Rfd1 Kf7 23.f3 Rc3 24.Bf2
b4 25.Rd2 g5 26.Rad1 Na5 27.Nxa5 Rxa5 28.Rb2 b3 29.axb3 Ra3 30.b4 Rab3 31.Ra2 Rd3
32.Rxd3 Rxd3 33.Bc5 e5 34.Ra7 Bc8 35.Ra8 Bd7 36.Rh8 Kg6 37.Rb8 Bc6 38.b5 Bxb5 39.Rxb7
Ba4 40.Re7 Rd5 41.Rc7 Bb5 42.h3 Rd1+ 43.Kf2 h5 44.Be3 h4 45.Rc1 Rxd6 46.Rc5 Bd7 47.Rxe5
Bf5 48.Re8 Be6 49.Rb8 Ra6 50.Rb5 Bf5 51.f4 gxf4 52.Bxf4 Re6 53.Rb8 Re4 54.Be3 Be6
55.Rh8 Ra4 56.Kg1 Bd5 57.Rd8 Be6 58.Bf2 Kg5 59.Re8 Bf5 60.Bb6 Bg6 61.Rh8 Bh5 62.Be3+ 1-0

[Event "Vienna Chess Open 2015 Group A"]
[Site "Grosser Festsaal im Wiener Rathaus, 1010 Wien"]
[Date "2015.08.20"]
[Round "6"]
[Board "33"]
[White "Zeller, Frank"]
[Black "Haasler, Andreas"]
[Result "1/2-1/2"]
[WhiteElo "2402"]
[BlackElo "2258"]
[PlyCount "143"]
[EventDate "2015.08.15"]
[EventRounds "9"]
[EventCountry "AUT"]

1.e4 e6 2.d4 d5 3.Nc3 Nf6 4.e5 Nfd7 5.Nce2 c5 6.c3 b6 7.Ng3 Ba6 8.Bxa6 Nxa6 9.h4 cxd4
10.cxd4 Nb4 11.a3 Nc6 12.Bg5 Be7 13.Nh5 g6 14.Ng7+ Kf8 15.Bh6 Kg8 16.Qg4 Nxd4 17.Qxd4
Bf8 18.Bg5 Be7 19.Nxe6 fxe6 20.Nf3 Rc8 21.Qg4 Nf8 22.O-O Rc4 23.Qg3 h6 24.Bxe7 Qxe7
25.Rac1 Qc5 26.Rxc4 Qxc4 27.h5 Kh7 28.b3 Qc7 29.Qf4 gxh5 30.Rc1 Qg7 31.Nh4 Rg8 32.Rc3
Ng6 33.Qc1 Qxe5 34.Qc2 Qe1+ 35.Kh2 Qe5+ 36.g3 Qe4 37.Rc7+ Rg7 38.Rxg7+ Kxg7 39.Qc7+
Kf6 40.Qd8+ Kf7 41.Qc7+ Kf6 42.Qd8+ Kf7 43.Qc7+ Ne7 44.Qxa7 Qd4 45.Kg2 Qe4+ 46.Kh2
Qd4 47.Kg2 Qc5 48.Qb8 d4 49.Qf4+ Kg7 50.Nf3 Nf5 51.Qe5+ Kf7 52.Qxc5 bxc5 53.Ne5+ Ke7
54.Kf3 Kd6 55.Ke4 h4 56.gxh4 Nxh4 57.Nf7+ Kc6 58.Nxh6 Kb5 59.Nf7 Nf5 60.Ne5 Nd6+ 61.Kd3
Nf5 62.a4+ Kb4 63.Kc2 Ka5 64.Kd3 Kb4 65.Kc2 Ka5 66.Kb2 Kb6 67.Nc4+ Kc6 68.Kc2 Ne7
69.Kd3 Kd5 70.Nb6+ Kc6 71.Nc4 Kd5 72.Nb6+ 1/2-1/2

[Event "Vienna Chess Open 2015 Group A"]
[Site "Grosser Festsaal im Wiener Rathaus, 1010 Wien"]
[Date "2015.08.20"]
[Round "6"]
[Board "34"]
[White "Handler, Lukas"]
[Black "Ott, Florian"]
[Result "1/2-1/2"]
[WhiteElo "2401"]
[BlackElo "2254"]
[PlyCount "158"]
[EventDate "2015.08.15"]
[EventRounds "9"]
[EventCountry "AUT"]

1.d4 Nf6 2.Nf3 e6 3.c4 b6 4.g3 Ba6 5.b3 b5 6.Nbd2 c5 7.Bg2 Nc6 8.dxc5 Bxc5 9.O-O O-O
10.Bb2 bxc4 11.bxc4 Rb8 12.Nb3 Be7 13.Rc1 d6 14.Ng5 Rc8 15.Qc2 e5 16.Rfd1 h6 17.Ne4
Nxe4 18.Qxe4 Qb6 19.Ba3 Rfd8 20.c5 dxc5 21.Rxd8+ Nxd8 22.Qxe5 Ne6 23.Bd5 Bf6 24.Qe4
Ng5 25.Qf5 c4 26.Bxc4 Rxc4 27.Rxc4 Bxc4 28.Qc8+ Kh7 29.Qxc4 Nh3+ 30.Kh1 Qxf2 31.Qd3+
g6 32.Qd1 Ng5 33.Bc5 Ne4 34.Qg1 Qxe2 35.Bxa7 Qxa2 36.Nc1 Qd5 37.Qg2 Qd1+ 38.Qg1 Qf3+
39.Qg2 Qd1+ 40.Qg1 Qc2 41.Qf1 Kg7 42.Be3 Qc3 43.Qd3 Qc6 44.Kg1 Bg5 45.Ne2 Kh7 46.h4
Bxe3+ 47.Qxe3 h5 48.Qf3 Qe6 49.Nf4 Qb6+ 50.Kh2 Nf6 51.Qe2 Kg8 52.Kg2 Ng4 53.Qe8+ Kg7
54.Qe2 Qb7+ 55.Qf3 Qb2+ 56.Qe2 Qd4 57.Qf3 Kg8 58.Qe2 Ne3+ 59.Kh2 Nf5 60.Qf3 Qd2+ 61.Kh3
Ne3 62.Qe2 Qc3 63.Kh2 Nf5 64.Qf2 Nd4 65.Kh3 Kg7 66.Kh2 Nf3+ 67.Kg2 Ne5 68.Qe2 Qc6+
69.Kg1 f6 70.Kf2 Qh1 71.Ng2 Ng4+ 72.Kf3 Ne5+ 73.Kf2 Kf8 74.Ne3 Qe4 75.Ng2 Ng4+ 76.Kf1
Qd4 77.Nf4 Ne3+ 78.Ke1 Qa1+ 79.Kf2 Ng4+ 1/2-1/2

[Event "Vienna Chess Open 2015 Group A"]
[Site "Grosser Festsaal im Wiener Rathaus, 1010 Wien"]
[Date "2015.08.20"]
[Round "6"]
[Board "35"]
[White "Vasile, Claudiu-Daniel"]
[Black "Schwarhofer, Christopher"]
[Result "1-0"]
[WhiteElo "2237"]
[BlackElo "2391"]
[PlyCount "99"]
[EventDate "2015.08.15"]
[EventRounds "9"]
[EventCountry "AUT"]

1.e4 e6 2.d4 d5 3.Nc3 Bb4 4.e5 c5 5.a3 Bxc3+ 6.bxc3 Ne7 7.Qg4 Qc7 8.Qxg7 Rg8 9.Qxh7
cxd4 10.Ne2 Nbc6 11.f4 dxc3 12.Qd3 d4 13.Ng3 Bd7 14.Ne4 O-O-O 15.Nd6+ Kb8 16.Rb1 Bc8
17.Nxf7 Rd5 18.g3 Ng6 19.Nh6 Ngxe5 20.fxe5 Nxe5 21.Qe4 d3 22.Bf4 Rf8 23.Bxd3 Rxf4
24.gxf4 Nxd3+ 25.cxd3 Qg7 26.Rc1 Qxh6 27.Rxc3 Qh4+ 28.Ke2 Bd7 29.Rg1 Qxh2+ 30.Rg2
Qh5+ 31.Kd2 b6 32.Qc4 Rc5 33.Qb4 Rd5 34.Rg7 Qh2+ 35.Kc1 Qh8 36.Rg5 Qh1+ 37.Kb2 Qh2+
38.Kb1 Qh1+ 39.Rc1 Qf3 40.Rxd5 Qxd5 41.Qc4 Qd6 42.Kb2 Kb7 43.Rg1 b5 44.Qe4+ Bc6 45.Rg7+
Ka6 46.Qe3 Bb7 47.Rg6 Bd5 48.Qe5 Qb6 49.Qxd5 exd5 50.f5 1-0

[Event "Vienna Chess Open 2015 Group A"]
[Site "Grosser Festsaal im Wiener Rathaus, 1010 Wien"]
[Date "2015.08.21"]
[Round "7"]
[Board "2"]
[White "Bánusz, Tamás"]
[Black "Rombaldoni, Axel"]
[Result "1/2-1/2"]
[WhiteElo "2586"]
[BlackElo "2515"]
[PlyCount "115"]
[EventDate "2015.08.15"]
[EventRounds "9"]
[EventCountry "AUT"]

1.Nf3 c5 2.c4 Nf6 3.Nc3 Nc6 4.d4 cxd4 5.Nxd4 e6 6.g3 Qb6 7.Ndb5 Ne5 8.Bg2 a6 9.Na4
Qa5+ 10.Nbc3 Nxc4 11.b3 Na3 12.O-O Bb4 13.Bb2 d5 14.e4 d4 15.Qc1 Nb5 16.Nxb5 axb5
17.Nc5 Bd2 18.Qc2 e5 19.Nd3 Be6 20.Rfd1 Bc3 21.Bxc3 dxc3 22.a3 O-O 23.b4 Qc7 24.Nc5
Bg4 25.f3 b6 26.fxg4 bxc5 27.Qxc3 c4 28.Bf3 h6 29.Kg2 Rfd8 30.h4 Ra6 31.Rxd8+ Qxd8
32.Qxe5 Qd2+ 33.Kh3 Qf2 34.Qb8+ Kh7 35.Qf4 Nh5 36.Qf5+ Rg6 37.Qxh5 Qxf3 38.Qf5 Qxf5
39.gxf5 Ra6 40.Kg4 c3 41.Ra2 g6 42.Kf4 gxf5 43.exf5 Kg7 44.Ke4 Kf6 45.Kd3 Kxf5 46.Kxc3
Kg4 47.Kd4 Rc6 48.a4 bxa4 49.Ra3 Rc2 50.b5 f5 51.Kd5 Rb2 52.Kc4 h5 53.Rxa4 Kxg3 54.Rb4
Rc2+ 55.Kd3 Rc8 56.b6 f4 57.b7 Rb8 58.Ke4 1/2-1/2

[Event "Vienna Chess Open 2015 Group A"]
[Site "Grosser Festsaal im Wiener Rathaus, 1010 Wien"]
[Date "2015.08.21"]
[Round "7"]
[Board "3"]
[White "Rambaldi, Francesco"]
[Black "Brunello, Sabino"]
[Result "1-0"]
[WhiteElo "2517"]
[BlackElo "2545"]
[PlyCount "73"]
[EventDate "2015.08.15"]
[EventRounds "9"]
[EventCountry "AUT"]

1.b3 d5 2.Bb2 Nf6 3.e3 Bf5 4.h3 e6 5.g4 Bg6 6.Bg2 c6 7.d3 Bb4+ 8.Nd2 h5 9.g5 Nfd7
10.f4 f6 11.Ngf3 Bf7 12.Qe2 Qe7 13.a3 Bd6 14.c4 a5 15.O-O Na6 16.cxd5 cxd5 17.gxf6
gxf6 18.Nd4 Nc7 19.Rac1 Bc5 20.Kh1 Bb6 21.e4 Kd8 22.Rfe1 Re8 23.N2f3 Rc8 24.Qd2 Qf8
25.e5 fxe5 26.fxe5 Qe7 27.Bc3 Ra8 28.Ng5 Bg6 29.h4 Bxd4 30.Bxd4 Qxa3 31.Rxc7 Kxc7
32.Qc3+ Kb8 33.Rc1 Ra6 34.Qc7+ Ka8 35.Nxe6 Rexe6 36.Qd8+ Nb8 37.Rc8 1-0

[Event "Vienna Chess Open 2015 Group A"]
[Site "Grosser Festsaal im Wiener Rathaus, 1010 Wien"]
[Date "2015.08.21"]
[Round "7"]
[Board "4"]
[White "Kindermann, Stefan"]
[Black "Arkell, Keith"]
[Result "1/2-1/2"]
[WhiteElo "2507"]
[BlackElo "2488"]
[PlyCount "39"]
[EventDate "2015.08.15"]
[EventRounds "9"]
[EventCountry "AUT"]

1.e4 c6 2.d4 d5 3.e5 c5 4.dxc5 Nc6 5.Nf3 Bg4 6.c3 Bxf3 7.Qxf3 Nxe5 8.Bb5+ Nc6 9.c4
e6 10.Nc3 Bxc5 11.cxd5 exd5 12.Nxd5 Nge7 13.Nc3 O-O 14.O-O Nd4 15.Qh5 Rc8 16.Bd3 Ng6
17.Ne4 Ne6 18.Rd1 Bd4 19.Ng5 Nxg5 20.Qxg5 1/2-1/2

[Event "Vienna Chess Open 2015 Group A"]
[Site "Grosser Festsaal im Wiener Rathaus, 1010 Wien"]
[Date "2015.08.21"]
[Round "7"]
[Board "5"]
[White "Hawkins, Jonathan"]
[Black "Kevlishvili, Robby"]
[Result "1-0"]
[WhiteElo "2554"]
[BlackElo "2357"]
[PlyCount "95"]
[EventDate "2015.08.15"]
[EventRounds "9"]
[EventCountry "AUT"]

1.d4 d5 2.c4 c6 3.Nf3 Nf6 4.Nc3 e6 5.Bg5 h6 6.Bxf6 Qxf6 7.e3 Nd7 8.Bd3 g6 9.O-O Bg7
10.e4 dxc4 11.e5 Qe7 12.Bxc4 O-O 13.Re1 Rd8 14.Bd3 b6 15.Qe2 Bb7 16.Be4 Rab8 17.Rad1
Nf8 18.Qe3 Rbc8 19.h4 h5 20.Qf4 Rc7 21.Rd3 c5 22.Bxb7 Rxb7 23.d5 exd5 24.Nxd5 Qe6
25.Ng5 Qe8 26.Ne4 Nh7 27.Qd2 Rbd7 28.f4 Kh8 29.Rd1 Qe6 30.b3 Qg4 31.Nf2 Qe6 32.Nc7
Rxd3 33.Nxe6 Rxd2 34.Nxd8 Rxd1+ 35.Nxd1 Kg8 36.Nc6 a6 37.Ne7+ Kf8 38.Nd5 f6 39.f5
gxf5 40.e6 Ke8 41.N1e3 Nf8 42.e7 Ne6 43.Nxf5 Kd7 44.Nxb6+ Ke8 45.Nd5 Kd7 46.Nd6 Nc7
47.Nxc7 Kxe7 48.Nf5+ 1-0

[Event "Vienna Chess Open 2015 Group A"]
[Site "Grosser Festsaal im Wiener Rathaus, 1010 Wien"]
[Date "2015.08.21"]
[Round "7"]
[Board "6"]
[White "Moroni, Luca"]
[Black "Pop, Alexandru"]
[Result "1/2-1/2"]
[WhiteElo "2461"]
[BlackElo "2248"]
[PlyCount "118"]
[EventDate "2015.08.15"]
[EventRounds "9"]
[EventCountry "AUT"]

1.b3 Nf6 2.Bb2 g6 3.g3 Bg7 4.Bg2 O-O 5.Nf3 d6 6.d4 Nbd7 7.O-O c6 8.c4 Re8 9.Nc3 e5
10.e3 Qc7 11.Rc1 Nf8 12.c5 exd4 13.cxd6 Qxd6 14.Qxd4 Qe7 15.Rfd1 Bf5 16.h3 Red8 17.Qh4
Qe8 18.Nd4 Bd7 19.Na4 h6 20.g4 N8h7 21.Nc5 Bc8 22.Qg3 Nd5 23.Ne4 Qf8 24.f4 Re8 25.Ba1
a6 26.Re1 Qa3 27.Qf2 a5 28.Bb2 Qf8 29.Nc5 Nb4 30.a3 Na6 31.Nxa6 Rxa6 32.a4 Ra8 33.e4
Qb4 34.e5 Bd7 35.Qg3 Rad8 36.Nc2 Qb6+ 37.Bd4 c5 38.Bf2 Be6 39.Na3 Qxb3 40.Qxb3 Bxb3
41.Rxc5 Bf8 42.Rb5 Bb4 43.Ra1 Re7 44.Bb6 Rd1+ 45.Rxd1 Bxd1 46.Bc5 Bxc5+ 47.Rxc5 b6
48.Rc8+ Nf8 49.Nc4 Bxa4 50.Nxb6 Bb3 51.Ra8 a4 52.Nxa4 Bxa4 53.Rxa4 g5 54.fxg5 hxg5
55.Ra5 Kg7 56.Kf2 Ng6 57.e6 f6 58.Be4 Rxe6 59.Bxg6 Kxg6 1/2-1/2

[Event "Vienna Chess Open 2015 Group A"]
[Site "Grosser Festsaal im Wiener Rathaus, 1010 Wien"]
[Date "2015.08.21"]
[Round "7"]
[Board "7"]
[White "Gevorgyan, Irina"]
[Black "Feuerstack, Aljoscha"]
[Result "1/2-1/2"]
[WhiteElo "2206"]
[BlackElo "2458"]
[PlyCount "44"]
[EventDate "2015.08.15"]
[EventRounds "9"]
[EventCountry "AUT"]

1.Nf3 c5 2.c4 Nc6 3.d4 cxd4 4.Nxd4 Nf6 5.Nc3 e6 6.a3 Be7 7.e4 O-O 8.Be2 Qc7 9.Be3
b6 10.O-O Bb7 11.f4 Nxd4 12.Qxd4 Bc5 13.Qd3 d5 14.exd5 exd5 15.cxd5 Rad8 16.Bf3 Qxf4
17.Bxc5 bxc5 18.Rad1 Ng4 19.Bxg4 Qxg4 20.h3 Qc8 21.Qg3 Rd7 22.Rfe1 Qd8 1/2-1/2

[Event "Vienna Chess Open 2015 Group A"]
[Site "Grosser Festsaal im Wiener Rathaus, 1010 Wien"]
[Date "2015.08.21"]
[Round "7"]
[Board "8"]
[White "Manik, Mikulas"]
[Black "Warmerdam, Max"]
[Result "1/2-1/2"]
[WhiteElo "2410"]
[BlackElo "2236"]
[PlyCount "23"]
[EventDate "2015.08.15"]
[EventRounds "9"]
[EventCountry "AUT"]

1.e4 c5 2.Nf3 d6 3.d4 cxd4 4.Nxd4 Nf6 5.Nc3 a6 6.Be3 e5 7.Nf3 Be7 8.a4 Nc6 9.Bc4 O-O
10.O-O Be6 11.Bb3 h6 12.Qe2 1/2-1/2

[Event "Vienna Chess Open 2015 Group A"]
[Site "Grosser Festsaal im Wiener Rathaus, 1010 Wien"]
[Date "2015.08.21"]
[Round "7"]
[Board "9"]
[White "Shengelia, David"]
[Black "Kokol, Peter"]
[Result "1-0"]
[WhiteElo "2572"]
[BlackElo "2371"]
[PlyCount "41"]
[EventDate "2015.08.15"]
[EventRounds "9"]
[EventCountry "AUT"]

1.b3 d5 2.Bb2 c5 3.e3 Nf6 4.Nf3 Bg4 5.h3 Bxf3 6.Qxf3 a6 7.g4 Qd6 8.Bg2 e5 9.g5 e4
10.Qf5 Nfd7 11.c4 dxc4 12.Qxe4+ Be7 13.Bxg7 Rg8 14.Qxh7 Rxg7 15.Qxg7 Nc6 16.Nc3 Nce5
17.O-O O-O-O 18.f4 Qxd2 19.Nd5 Bf8 20.Qh7 Ng6 21.bxc4 1-0

[Event "Vienna Chess Open 2015 Group A"]
[Site "Grosser Festsaal im Wiener Rathaus, 1010 Wien"]
[Date "2015.08.21"]
[Round "7"]
[Board "10"]
[White "Ruck, Robert"]
[Black "Kessler, Luca"]
[Result "1/2-1/2"]
[WhiteElo "2552"]
[BlackElo "2364"]
[PlyCount "72"]
[EventDate "2015.08.15"]
[EventRounds "9"]
[EventCountry "AUT"]

1.Nf3 Nf6 2.c4 g6 3.g3 Bg7 4.Bg2 O-O 5.d4 d6 6.Nc3 Nc6 7.O-O a6 8.Bd2 Rb8 9.Rc1 Bd7
10.a3 b5 11.cxb5 axb5 12.b4 Qc8 13.Re1 Qa6 14.Qb3 Bg4 15.Be3 e5 16.dxe5 Be6 17.Qc2
Ng4 18.exd6 Nxe3 19.fxe3 cxd6 20.Nb1 Rbc8 21.Qd2 Bh6 22.Kh1 Ne7 23.Rxc8 Rxc8 24.Nd4
Bc4 25.Nc3 Qxa3 26.Ndxb5 Qxb4 27.Qxd6 Qa5 28.Qa3 Qxa3 29.Nxa3 Be6 30.Nab5 Rc5 31.Rd1
Bxe3 32.Rd3 Bg5 33.Nd4 Bc4 34.Rd1 Bb3 35.Nxb3 Rxc3 36.Nd4 Rc1 1/2-1/2

[Event "Vienna Chess Open 2015 Group A"]
[Site "Grosser Festsaal im Wiener Rathaus, 1010 Wien"]
[Date "2015.08.21"]
[Round "7"]
[Board "11"]
[White "Heberla, Bartlomiej"]
[Black "Bartell, Thomas"]
[Result "1-0"]
[WhiteElo "2548"]
[BlackElo "2345"]
[PlyCount "41"]
[EventDate "2015.08.15"]
[EventRounds "9"]
[EventCountry "AUT"]

1.e4 c6 2.d4 d5 3.Nc3 dxe4 4.Nxe4 Bf5 5.Ng3 Bg6 6.h4 h6 7.Nf3 Nd7 8.h5 Bh7 9.Bd3 Bxd3
10.Qxd3 e6 11.Bd2 Ngf6 12.O-O-O Be7 13.Kb1 c5 14.d5 Nxd5 15.Nf5 N7f6 16.Nxg7+ Kf8
17.Nxe6+ fxe6 18.Qg6 Qe8 19.Bxh6+ Rxh6 20.Qxh6+ Kg8 21.c4 1-0

[Event "Vienna Chess Open 2015 Group A"]
[Site "Grosser Festsaal im Wiener Rathaus, 1010 Wien"]
[Date "2015.08.21"]
[Round "7"]
[Board "12"]
[White "Dizdarevic, Emir"]
[Black "Dragnev , Valentin"]
[Result "0-1"]
[WhiteElo "2540"]
[BlackElo "2339"]
[PlyCount "118"]
[EventDate "2015.08.15"]
[EventRounds "9"]
[EventCountry "AUT"]

1.Nf3 c5 2.c4 Nc6 3.Nc3 g6 4.e3 Nf6 5.a3 Bg7 6.Qc2 O-O 7.Rb1 d5 8.cxd5 Nxd5 9.Ne4
Bf5 10.d3 b6 11.Bd2 Rc8 12.Be2 h6 13.O-O e5 14.Rfc1 Qe7 15.Be1 Be6 16.Qa4 Kh7 17.Nc3
f5 18.Nxd5 Bxd5 19.e4 fxe4 20.dxe4 Ba2 21.Ra1 Be6 22.Bb5 Nd4 23.Nxd4 exd4 24.Qa6 Be5
25.Bd3 Bf4 26.Rc2 Bb3 27.Rc4 Bxc4 28.Qxc4 Be5 29.a4 h5 30.b3 Kh8 31.Ra2 Rc6 32.Qc1
g5 33.Bc4 Rg6 34.Qd1 g4 35.Qd3 Rf3 36.Qd1 Rf8 37.Rd2 Qd6 38.Kh1 Kg7 39.Rd3 Qf6 40.Qd2
Bd6 41.Bd5 Qe5 42.g3 h4 43.Qe2 Re8 44.Qd1 hxg3 45.fxg3 Rf8 46.Kg1 Be7 47.Bf2 Rh8 48.Kh1
Kf8 49.Bg1 Ke8 50.Qe2 Kd8 51.Kg2 Qh5 52.Kh1 Rf6 53.b4 Rf3 54.Be6 Qe5 55.Bxg4 Rxg3
56.bxc5 bxc5 57.Rd2 Bd6 58.Bf5 Qf4 59.Rb2 Rxg1+ 0-1

[Event "Vienna Chess Open 2015 Group A"]
[Site "Grosser Festsaal im Wiener Rathaus, 1010 Wien"]
[Date "2015.08.21"]
[Round "7"]
[Board "13"]
[White "Kurajica, Bojan"]
[Black "Trkulja, Goran"]
[Result "1/2-1/2"]
[WhiteElo "2513"]
[BlackElo "2304"]
[PlyCount "113"]
[EventDate "2015.08.15"]
[EventRounds "9"]
[EventCountry "AUT"]

1.Nf3 d5 2.e3 Bg4 3.c4 c6 4.Qb3 Qb6 5.cxd5 Qxb3 6.axb3 Bxf3 7.gxf3 cxd5 8.Nc3 e6 9.Nb5
Na6 10.Rxa6 bxa6 11.Nc7+ Kd7 12.Nxa8 Nf6 13.Bxa6 Bb4 14.Ke2 Rxa8 15.d4 Rb8 16.Kd1
Rb6 17.Bd3 g6 18.e4 Ba5 19.Kc2 Rc6+ 20.Kb1 Rb6 21.Bg5 dxe4 22.fxe4 Ng4 23.Bc4 Nxf2
24.Rf1 Nxe4 25.Rxf7+ Ke8 26.Rxa7 Nxg5 27.Rxa5 Nf3 28.Ra8+ Ke7 29.Ra7+ Kf6 30.d5 exd5
31.Bxd5 Nxh2 32.Rxh7 Ng4 33.Bc4 Ke5 34.Kc2 Ne3+ 35.Kc3 Nd1+ 36.Kd2 Nxb2 37.Bg8 Rd6+
38.Kc3 Nd1+ 39.Kb4 Rd8 40.Bc4 Ne3 41.Ba6 g5 42.Bb7 Rd3 43.Re7+ Kd6 44.Re8 Kc7 45.Ba6
Nc2+ 46.Ka4 Rd8 47.Re7+ Kb6 48.Re6+ Kc5 49.Rg6 Rd4+ 50.Ka5 g4 51.Bb7 Nb4 52.Rg5+ Kd6
53.Kb6 Nd3 54.Rg6+ Ke5 55.Bc8 Rb4+ 56.Ka5 Rxb3 57.Rxg4 1/2-1/2